|
|
|
|
| LEADER |
00000cam a2200000 7i4500 |
| 001 |
0000030960 |
| 005 |
20110421.0 |
| 008 |
110421 |
| 020 |
|
|
|a 9833385096
|
| 090 |
0 |
0 |
|a 158.1
|b AZM
|
| 100 |
1 |
|
|a Azman Taher
|
| 245 |
1 |
0 |
|a Success, happiness and performance :
|b they are within our control
|c Azman Taher
|
| 260 |
|
|
|a Selangor :
|b Pekan Ilmu Publication ,
|c 2007
|
| 650 |
|
0 |
|a Happiness
|
| 650 |
|
0 |
|a Motivation (psychology)
|
| 650 |
|
0 |
|a Performance
|
| 650 |
|
0 |
|a Success
|
| 999 |
|
|
|a 0001060010
|b Book
|c Adult Collection
|e Perbadanan Perpustakaan Awam Johor
|
| 999 |
|
|
|a 0001060011
|b Book
|c Adult Collection
|e Perbadanan Perpustakaan Awam Johor
|